Kto bol kto v hospodárstve SR v roku 1999
Guardado en:
| Formato: | Libro |
|---|---|
| Lenguaje: | eslovaco |
| Publicado: |
Bratislava
TREND Holding
2000
|
| Materias: | |
| Etiquetas: |
Sin Etiquetas, Sea el primero en etiquetar este registro!
|
MARC
| LEADER | 00000nam a2200000 4500 | ||
|---|---|---|---|
| 001 | c119327 | ||
| 005 | 20231113111742.7 | ||
| 020 | |a 80-901157-7-2 | ||
| 041 | 0 | |a slo | |
| 044 | |a SK | ||
| 245 | 1 | 0 | |a Kto bol kto v hospodárstve SR v roku 1999 |c [Zodp. red. Andrej Tušer] |
| 264 | 1 | |a Bratislava |b TREND Holding |c 2000 | |
| 300 | |a 268 s. | ||
| 610 | 2 | 0 | |a hospodárstvo národné |
| 610 | 2 | 0 | |a biografia |
| 610 | 2 | 0 | |a Slovensko |